Logo quiz #4 - Statistiques

Statistiques générales
  • Ce quiz a été pris 1 181 fois
  • Le résultat moyen est 12 sur 16
Statistiques - réponses
Par images Réponse % Correct
Wikipédia
98%
Skype
97%
Paypal
96%
Whatsapp
94%
Google Chrome
93%
Yahoo
93%
Domino's pizza
89%
Internet Explorer
80%
Seat
79%
Jeux Olympiques
75%
Umbro
63%
Motorola
62%
Bing
56%
Subaru
52%
Target
29%
Publisher
17%
Aucun quiz correspondant
Distribution des résultats
% des personnes avec chaque résultat
Percentile par nombre de réponses
Votre historique - résultats
Vous n’avez pas pris ce quiz